000
00236 a2200097 4500
001
32105
100
_a
Loveday, George
245
_a
Digital and Analogue Electronics for HNC
260
_a
England
_b
Longman
_c
1993
090
_c
21550
_d
21550
942
_a
NUST-CAE
_c
M
_c
12837
999
_c
267178
_d
267178